Music Quiz

Random Music or Kpop Quiz

Guess The Kpop Mv 2016 Quiz Stats

 Plays Quiz not verified by Sporcle

Challenge
Share
Tweet
Score 0/25 Timer 10:00
0 Plays Today
% Correct
Fire
93.3%
Save Me
90.5%
Monster
90%
Lotto
89.9%
Fly
88.9%
Boombayah
87.8%
Cheer up
86.5%
Whistle
85.6%
Hate
85.1%
Russian Roulette
80.1%
The 7th Sense
78%
Very Nice
75.9%
Lifted
73.3%
% Correct
All In
70.8%
Fire Truck
69.3%
L.I.E
68.7%
Navillera
66.5%
Good Luck
65.8%
I Like That
61.9%
Stuck
60.7%
Fantasy
60.1%
Feel So Good
46.1%
Stalker
40%
Secret
38.9%
My Star
36.9%

You're not logged in!

Compare scores with friends on all Sporcle quizzes.
OR
Log In

You Might Also Like...

Show Comments

Extras

Created Sep 16, 2016ReportNominate
Tags:Kpop Quiz, 2016

Top Quizzes Today


Score Distribution

Your Account Isn't Verified!

In order to create a playlist on Sporcle, you need to verify the email address you used during registration. Go to your Sporcle Settings to finish the process.

Report this User

Report this user for behavior that violates our Community Guidelines.

Details: